New practical Chinese reader (Record no. 2045)

000 -LEADER
fixed length control field 00566nam a22002057a 4500
003 - CONTROL NUMBER IDENTIFIER
control field OSt
005 - DATE AND TIME OF LATEST TRANSACTION
control field 20160208090415.0
008 - FIXED-LENGTH DATA ELEMENTS--GENERAL INFORMATION
fixed length control field 160208b xxu||||| |||| 00| 0 eng d
020 ## - INTERNATIONAL STANDARD BOOK NUMBER
International Standard Book Number 9787561926239
050 ## - LIBRARY OF CONGRESS CALL NUMBER
Classification number PL 1129 .E5S3 2010 V.1
100 ## - MAIN ENTRY--PERSONAL NAME
Personal name Schmidt, Jerry
245 ## - TITLE STATEMENT
Title New practical Chinese reader
Statement of responsibility, etc Jerry Schmidt.
250 ## - EDITION STATEMENT
Edition statement 2nd ed.
260 ## - PUBLICATION, DISTRIBUTION, ETC. (IMPRINT)
Place of publication, distribution, etc Beijing
Name of publisher, distributor, etc Beijing Language and Culture University Press
Date of publication, distribution, etc 2010
300 ## - PHYSICAL DESCRIPTION
Extent 241p:
650 ## - SUBJECT ADDED ENTRY--TOPICAL TERM
Topical term or geographic name as entry element Chinese language
650 ## - SUBJECT ADDED ENTRY--TOPICAL TERM
Topical term or geographic name as entry element Textbooks for foreign speakers
650 ## - SUBJECT ADDED ENTRY--TOPICAL TERM
Topical term or geographic name as entry element English
942 ## - ADDED ENTRY ELEMENTS (KOHA)
Source of classification or shelving scheme
Koha item type Book
Holdings
Withdrawn status Lost status Source of classification or shelving scheme Damaged status Not for loan Home library Current library Shelving location Date acquired Total Checkouts Total Renewals Full call number Barcode Date last seen Date checked out Copy number Price effective from Koha item type
          Riara University Library Riara University Library General stack 08/02/2016 7 1 PL 1129 .E5S3 2010 V.1 6829/16 22/06/2022 03/06/2022 C.1 08/02/2016 Book
          Riara University Library Riara University Library General stack 08/02/2016 9 1 PL 1129 .E5S3 2010 V.1 6830/16 11/03/2024 05/02/2024 C.2 08/02/2016 Book
          Riara University Library Riara University Library General stack 08/02/2016 10 5 PL 1129 .E5S3 2010 V.1 6831/16 03/08/2022 12/07/2022 C.3 08/02/2016 Book

Riara University Library,
P.O. Box 49940-00100,
Nairobi, Kenya.